[Event "Titled Tue 1st Jul Early"]
[Site "chess.com INT"]
[Date "2025.07.01"]
[Round "5"]
[White "Yang, Larry"]
[Black "Aakash, G"]
[Result "0-1"]
[BlackTitle "FM"]
[WhiteElo "2017"]
[BlackElo "2126"]
[WhiteFideId "2637618"]
[BlackFideId "25644394"]
[EventDate "2025.07.01"]

1. e4 e6 2. d4 d5 3. Nd2 c5 4. exd5 Qxd5 5. Ngf3 cxd4 6. Bc4 Qd6 7. O-O Nc6 8.
Nb3 Nf6 9. Nbxd4 Nxd4 10. Nxd4 Qc7 11. Bb3 Be7 12. c3 O-O 13. Bg5 e5 14. Nf3 Bg4
15. h3 Bh5 16. g4 Bg6 17. Qe2 Rfe8 18. Nh4 Nd5 19. Bxe7 Nf4 20. Qf3 Qxe7 21.
Nxg6 Nxg6 22. Rfe1 Rac8 23. Rad1 Rc6 24. Qg3 Rf6 25. Rd5 h6 26. Bc2 Nf4 27.
Rdxe5 Qxe5 28. Rxe5 Rxe5 29. Kh2 Re2 30. Bf5 g5 31. Qf3 Rxb2 32. Qe3 Kg7 33. c4
Rxa2 34. c5 Ra4 35. Qb3 Ra5 36. Qxb7 Rxc5 37. Qxa7 Rc3 38. Qa1 Rxh3+ 39. Kg1 Rc3
40. Kh2 Rfc6 41. Kg1 Kf6 42. Kh2 Kg7 43. Kg1 Rf6 44. Kh2 Rcc6 45. Kg1 h5 46.
gxh5 Kh6 47. Bg4 Kg7 48. Kh2 Rc2 49. Kg1 Rc6 50. Kh2 Nd3 51. f3 Kh6 52. Kh1 Rc1+
53. Qxc1 Nxc1 54. Kh2 Nd3 55. Kg3 Ne5 56. Kh3 Nxf3 57. Kg3 Ne5 58. Kh3 Rf4 59.
Kg3 Rxg4+ 60. Kh3 Kxh5 61. Kh2 f5 62. Kh3 f4 63. Kh2 Nf3+ 64. Kh3 Rg3# 0-1

[Event "Titled Tue 1st Jul Early"]
[Site "chess.com INT"]
[Date "2025.07.01"]
[Round "5"]
[White "Brozynski, Patryk"]
[Black "Khandhadia, Nivaan Rathin"]
[Result "1-0"]
[WhiteTitle "CM"]
[BlackTitle "CM"]
[WhiteElo "2192"]
[BlackElo "2112"]
[WhiteFideId "2512700"]
[BlackFideId "25753274"]
[EventDate "2025.07.01"]

1. a3 c5 2. e4 Nc6 3. Bc4 g6 4. Nf3 Bg7 5. O-O e6 6. Ba2 Nge7 7. c3 O-O 8. d4
cxd4 9. cxd4 d5 10. exd5 Nxd5 11. Nc3 b6 12. Re1 Bb7 13. Nxd5 exd5 14. Bf4 Rc8
15. Qd2 Ne7 16. Bg5 Re8 17. Rac1 Rxc1 18. Qxc1 f6 19. Bh6 Nf5 20. Bxg7 Kxg7 21.
h3 Rxe1+ 22. Qxe1 Qe7 23. Qd2 Nd6 24. Qf4 Ne4 25. h4 Qd6 26. Qc1 Qc6 27. Qd1 Qb5
28. Bb3 Ba6 29. g3 Qe2 30. Qxe2 Bxe2 31. Ne1 Bc4 32. Bc2 f5 33. Kg2 Kf6 34. f3
Nd6 35. Kf2 Bb5 36. b3 a5 37. Ke3 h6 38. a4 Bc6 39. Nd3 Nf7 40. g4 fxg4 41. fxg4
g5 42. h5 Bd7 43. Bd1 Bc8 44. Bf3 Be6 45. Nb2 Ke7 46. Nd1 Kd6 47. Nc3 Kc6 48.
Nd1 Nd8 49. Kd3 Bf7 50. Ne3 Kd6 51. Nf5+ Kc6 52. Nxh6 Be6 53. Bg2 Kd6 54. Ke3
Ke7 55. Nf5+ Bxf5 56. gxf5 Kf6 57. Bxd5 Kxf5 58. Kf3 1-0

[Event "Titled Tue 1st Jul Early"]
[Site "chess.com INT"]
[Date "2025.07.01"]
[Round "5"]
[White "Atoyan, Alberto"]
[Black "Alikulov, Elbek"]
[Result "1-0"]
[WhiteTitle "CM"]
[BlackTitle "IM"]
[WhiteElo "2302"]
[BlackElo "2305"]
[WhiteFideId "13314831"]
[BlackFideId "14203308"]
[EventDate "2025.07.01"]

1. e4 e6 2. d4 d5 3. Nd2 c5 4. exd5 Qxd5 5. Ngf3 cxd4 6. Bc4 Qd7 7. Nb3 Nc6 8.
Nbxd4 Nxd4 9. Nxd4 a6 10. a4 Qc7 11. Qe2 Bd7 12. O-O Nf6 13. h3 Bd6 14. Nf5 Bh2+
15. Kh1 O-O 16. Nd4 Bf4 17. Bxf4 Qxf4 18. Rfd1 Rac8 19. Bd3 Rfd8 20. c3 e5 21.
Nb3 Bxa4 22. g3 Bc6+ 23. Kh2 Qf3 24. Qxf3 Bxf3 25. Rd2 e4 26. Bc2 Rxd2 27. Nxd2
Rd8 28. Nxf3 exf3 29. Rd1 Rxd1 30. Bxd1 Ne4 31. Bxf3 Nxf2 32. Bxb7 Nd1 33. b4
Nxc3 34. Bxa6 Kf8 35. Bc4 Ke7 36. Kg2 f6 37. Kf3 Kd6 38. Kf4 Na4 39. Bg8 h6 40.
Kf5 Nc3 41. Kg6 Ne2 42. Kxg7 Nxg3 43. Kxf6 Ne2 44. h4 Nd4 45. Kg6 Nf3 46. h5 Ke7
47. b5 Ne5+ 48. Kg7 Kd6 49. Bf7 Kc5 50. Be8 Nd3 51. Kxh6 Nf4 52. Kg5 1-0

[Event "Titled Tue 1st Jul Early"]
[Site "chess.com INT"]
[Date "2025.07.01"]
[Round "5"]
[White "Mardov, Dimitar"]
[Black "Kislinsky, Alexey"]
[Result "1-0"]
[WhiteTitle "IM"]
[BlackTitle "GM"]
[WhiteElo "2506"]
[BlackElo "2341"]
[WhiteFideId "30919495"]
[BlackFideId "14108801"]
[EventDate "2025.07.01"]

1. Nf3 d5 2. b3 Nf6 3. e3 e6 4. Bb2 Be7 5. g3 O-O 6. Bg2 b6 7. O-O Bb7 8. c4
Nbd7 9. Nc3 c5 10. cxd5 Nxd5 11. Nxd5 Bxd5 12. d4 Rc8 13. Qe2 cxd4 14. Nxd4 Bxg2
15. Kxg2 Nf6 16. Rfd1 Qc7 17. Rac1 Qb7+ 18. Qf3 Qxf3+ 19. Kxf3 Bc5 20. Nb5 a6
21. Nd6 Rb8 22. Bxf6 gxf6 23. Ne4 Be7 24. Rd7 Rfe8 25. Rcc7 f5 26. Rxe7 fxe4+
27. Kxe4 Rxe7 28. Rxe7 Rc8 29. Ra7 a5 30. Rb7 Rc6 31. h4 Kg7 32. f4 h5 33. Kf3
Kf6 34. g4 hxg4+ 35. Kxg4 Rc2 36. a4 Rc3 37. Rxb6 Rxe3 38. Rb5 Kg6 39. h5+ Kg7
40. f5 exf5+ 41. Kxf5 Rh3 42. Kg5 Rg3+ 43. Kf4 Rc3 44. Ke4 Kh6 45. Kd4 Rh3 46.
Rxa5 Rxb3 47. Rb5 Ra3 48. a5 Ra4+ 49. Kc3 f6 50. Kb3 Ra1 51. Rc5 Rb1+ 52. Ka4
Ra1+ 53. Kb5 Rb1+ 54. Kc6 Ra1 55. Kb6 Rb1+ 56. Rb5 Re1 57. a6 Re6+ 58. Ka5 Re7
59. Rc5 Re2 60. Kb6 Rb2+ 61. Rb5 Ra2 62. a7 f5 63. Ra5 Rb2+ 64. Kc7 Rc2+ 65. Kd7
Rd2+ 66. Ke7 Re2+ 67. Kf7 Re5 68. Rxe5 Kg5 69. Rxf5+ 1-0

[Event "Titled Tue 1st Jul Early"]
[Site "chess.com INT"]
[Date "2025.07.01"]
[Round "5"]
[White "Goncharov, Vladimir"]
[Black "Dann, Matthias"]
[Result "1-0"]
[BlackTitle "IM"]
[WhiteElo "2077"]
[BlackElo "2434"]
[WhiteFideId "34162256"]
[BlackFideId "24638056"]
[EventDate "2025.07.01"]

1. d4 Nf6 2. c4 e6 3. Nf3 Bb4+ 4. Bd2 a5 5. Qc2 d6 6. g3 Nbd7 7. Bg2 e5 8. O-O
O-O 9. Bc1 exd4 10. Nxd4 Re8 11. Rd1 h6 12. b3 c6 13. a3 Bc5 14. Bb2 Ne5 15. h3
Qb6 16. e3 d5 17. Nc3 dxc4 18. Na4 Qa7 19. Nxc5 Qxc5 20. Rac1 Bd7 21. bxc4 Rad8
22. Nb3 Qa7 23. Bd4 b6 24. Qb2 Qc7 25. c5 b5 26. Nxa5 Bf5 27. Bxe5 Rxd1+ 28.
Rxd1 Rxe5 29. Nxc6 Rxc5 30. Nd4 Be4 31. Bf1 Ba8 32. Bxb5 Qb7 33. f3 Nd5 34. Kf2
Nc3 35. Rc1 Rxb5 36. Qxc3 Rb2+ 37. Rc2 Rxc2+ 38. Qxc2 Qd5 39. a4 h5 40. Qb3 Qd8
41. Qb4 h4 42. a5 hxg3+ 43. Kxg3 Qg5+ 44. Kf2 Qh4+ 45. Ke2 Bd5 46. Qb8+ Kh7 47.
Qe5 Bc4+ 48. Kd2 Qf2+ 49. Kc3 Qa2 50. Qh5+ Kg8 51. Qc5 Bd5 52. e4 Qa1+ 53. Kd2
Qb2+ 54. Ke3 Be6 55. Nxe6 fxe6 56. a6 Qb3+ 57. Kf4 Qa2 58. a7 Kh7 59. Qb6 Qd2+
60. Ke5 Qg5+ 61. Kd6 1-0

[Event "Titled Tue 1st Jul Early"]
[Site "chess.com INT"]
[Date "2025.07.01"]
[Round "5"]
[White "Chekletsov, Ilya"]
[Black "Ruiz Aguilar, Pablo Alexander"]
[Result "0-1"]
[WhiteTitle "IM"]
[BlackTitle "FM"]
[WhiteElo "2338"]
[BlackElo "2141"]
[WhiteFideId "24177156"]
[BlackFideId "4401352"]
[EventDate "2025.07.01"]

1. d4 d5 2. c4 c6 3. Nf3 Nf6 4. Qc2 Nbd7 5. Nbd2 e6 6. a3 Be7 7. e4 O-O 8. e5
Ne8 9. Bd3 h6 10. cxd5 cxd5 11. Nf1 b6 12. h4 Nc7 13. Qe2 a5 14. Bb1 Ba6 15. Qc2
f5 16. exf6 Nxf6 17. Ng3 Rc8 18. Be3 Nb5 19. Qd2 Nd6 20. Ne5 Nde4 21. Nxe4 Nxe4
22. Qd1 Bxh4 23. Bxe4 dxe4 24. Ng6 Bxf2+ 25. Bxf2 Rxf2 26. Kxf2 Qf6+ 27. Kg1
Qxg6 28. Rh3 Bd3 29. Rc1 Rf8 30. Qd2 Qf6 31. Qe3 e5 32. d5 Qd6 33. Rg3 Rf4 34.
Rc8+ Kh7 35. Rc6 Qxd5 36. Qxb6 Qd4+ 37. Kh2 Rh4+ 38. Rh3 Rxh3+ 39. Kxh3 e3 40.
Qxd4 exd4 41. Kg3 Be4 42. Re6 d3 43. Rxe4 d2 44. Rxe3 d1=Q 45. Rf3 Qd4 46. b3
Qc5 47. a4 Qb4 48. Kh3 g5 49. Kh2 Kg6 50. Kg1 g4 51. Re3 Qc5 52. Kf2 Kf5 53. g3
Qd4 54. Ke2 Qb2+ 55. Ke1 Qc1+ 56. Ke2 Qc2+ 57. Ke1 h5 58. Kf1 Qd2 59. Re8 Qd1+
60. Kf2 Qxb3 61. Rf8+ Ke6 62. Re8+ Kd7 63. Re4 Qf3+ 0-1

[Event "Titled Tue 1st Jul Early"]
[Site "chess.com INT"]
[Date "2025.07.01"]
[Round "5"]
[White "Galchenko, Matvey"]
[Black "Movahed, Sina"]
[Result "0-1"]
[WhiteTitle "IM"]
[BlackTitle "GM"]
[WhiteElo "2435"]
[BlackElo "2558"]
[WhiteFideId "24175480"]
[BlackFideId "42520835"]
[EventDate "2025.07.01"]

1. f4 f5 2. Nf3 Nf6 3. g3 g6 4. Bg2 Bg7 5. O-O O-O 6. d3 d6 7. Nc3 Nc6 8. e4 e6
9. Qe2 Bd7 10. h3 fxe4 11. dxe4 e5 12. fxe5 Nxe5 13. Nxe5 dxe5 14. Bg5 c6 15.
Rad1 Qe7 16. Qd3 Be6 17. Qd6 Qxd6 18. Rxd6 Rae8 19. Be3 Nh5 20. g4 Nf4 21. Bxa7
Rf7 22. Be3 Bf8 23. Rd2 b5 24. a3 Bh6 25. Re1 Ref8 26. Bf1 Rc8 27. Rd6 Bf8 28.
Rd2 Be7 29. Ne2 h5 30. gxh5 Nxh5 31. Bg2 g5 32. Rf1 Rxf1+ 33. Bxf1 Nf4 34. Kh2
Kf7 35. Ng3 Rh8 36. Bxf4 gxf4 37. Nf5 Bxf5 38. exf5 e4 39. Rd4 e3 40. Kg2 Rg8+
41. Kf3 Rg1 42. Ke2 f3+ 43. Kxf3 Rxf1+ 44. Kxe3 Bc5 45. Ke2 Rf2+ 46. Kxf2 Bxd4+
47. Ke2 Bxb2 48. Kd3 Kf6 49. c4 Bxa3 50. cxb5 cxb5 51. Kc3 Kxf5 52. Kb3 Bf8 53.
h4 Kg4 54. h5 Kxh5 0-1

[Event "Titled Tue 1st Jul Early"]
[Site "chess.com INT"]
[Date "2025.07.01"]
[Round "5"]
[White "Nazin, Roman"]
[Black "Jake Shanty"]
[Result "0-1"]
[WhiteTitle "CM"]
[BlackTitle "FM"]
[WhiteElo "2250"]
[BlackElo "2252"]
[WhiteFideId "4137167"]
[BlackFideId "33478066"]
[EventDate "2025.07.01"]

1. d4 Nf6 2. Nf3 d5 3. c4 dxc4 4. e3 e6 5. Bxc4 c5 6. O-O a6 7. Bd3 Nc6 8. a3
cxd4 9. exd4 Be7 10. Nc3 O-O 11. Bg5 h6 12. Bh4 Nd5 13. Bg3 Bf6 14. Be4 Be7 15.
Qd3 Nf6 16. Rfd1 Nxe4 17. Qxe4 f5 18. Qe3 Bg5 19. Bf4 Bf6 20. Be5 Ne7 21. Rac1
Bd7 22. Bxf6 Rxf6 23. d5 exd5 24. Nxd5 Nxd5 25. Rxd5 Qe8 26. Re5 Re6 27. Re1
Rxe5 28. Nxe5 Be6 29. f3 Kh7 30. Nd3 Bf7 31. Qxe8 Bxe8 32. Nc5 Bc6 33. Re7 Kg6
34. Nxb7 Kf6 35. Rc7 Bd5 36. Nc5 Re8 37. Kf2 a5 38. b4 axb4 39. axb4 Ra8 40. b5
Ra2+ 41. Kg3 Rb2 42. b6 g5 43. h4 f4+ 44. Kg4 Rxg2+ 45. Kh5 Bxf3+ 46. Kxh6 Rh2
47. Nd7+ Kf5 48. Rc5+ Ke6 49. Nf8+ Ke7 50. Ng6+ Kf6 51. Rxg5 Be4 52. h5 f3 53.
Nf4 f2 54. b7 Bxb7 55. Rg6+ Kf5 0-1

[Event "Titled Tue 1st Jul Early"]
[Site "chess.com INT"]
[Date "2025.07.01"]
[Round "5"]
[White "Grutter, Tim"]
[Black "Perossa, Nicolas"]
[Result "0-1"]
[WhiteTitle "IM"]
[BlackTitle "FM"]
[WhiteElo "2405"]
[BlackElo "2253"]
[WhiteFideId "1057472"]
[BlackFideId "2850520"]
[EventDate "2025.07.01"]

1. e4 e5 2. Nf3 Nc6 3. Bb5 a6 4. Ba4 Nf6 5. d4 Nxe4 6. O-O b5 7. Bb3 d5 8. dxe5
Be6 9. Be3 Be7 10. Nbd2 O-O 11. Nxe4 dxe4 12. Bxe6 fxe6 13. Nd2 Qd5 14. Qg4 Nxe5
15. Qxe4 Nc4 16. Qxd5 exd5 17. Nxc4 bxc4 18. Rad1 c6 19. Bd4 Rfe8 20. Rfe1 Bb4
21. c3 Bd6 22. b3 cxb3 23. axb3 Kf7 24. b4 Rxe1+ 25. Rxe1 a5 26. Ra1 a4 27. Kf1
g6 28. Ke2 Ke6 29. Kd3 Kd7 30. h3 Bc7 31. c4 dxc4+ 32. Kxc4 Bd6 33. Ra3 Kc7 34.
Bc5 Bxc5 35. bxc5 Ra5 36. f4 Kd7 37. g4 Ke7 38. Kd4 Kf6 39. Ke4 Ke6 40. Kd4 Kf6
41. h4 h5 42. gxh5 gxh5 43. Ke4 Rxc5 44. Rxa4 Rc1 45. Ra5 Rc4+ 46. Ke3 c5 47.
Ra8 Rc3+ 48. Ke4 Rc4+ 49. Kf3 Rc3+ 50. Kg2 Kf5 51. Rg8 Kxf4 52. Rg5 Rc2+ 53. Kf1
Kf3 54. Ke1 Rh2 55. Rxh5 c4 56. Rh8 Ke3 57. Re8+ Kd3 58. Rd8+ Kc2 59. Rh8 c3 60.
h5 Kb1 61. Rb8+ Kc1 62. Rc8 c2 63. Rc5 Kb2 64. Rb5+ Kc3 65. Rc5+ Kd3 66. Kf1
Rh1+ 67. Kg2 c1=Q 68. Rxc1 Rxc1 69. Kg3 Ke4 70. Kh4 Rg1 71. h6 Kf5 72. h7 Rh1+ 0-1

[Event "Titled Tue 1st Jul Early"]
[Site "chess.com INT"]
[Date "2025.07.01"]
[Round "5"]
[White "Zhigalko, Sergei"]
[Black "Alvarado Diaz, Alejandro"]
[Result "1-0"]
[WhiteTitle "GM"]
[BlackTitle "IM"]
[WhiteElo "2572"]
[BlackElo "2484"]
[WhiteFideId "13502956"]
[BlackFideId "2276119"]
[EventDate "2025.07.01"]

1. e4 d5 2. exd5 Qxd5 3. Nc3 Qa5 4. d4 Nf6 5. Nf3 Bf5 6. Ne5 c6 7. Bd3 Bxd3 8.
Qxd3 Nbd7 9. Nxd7 Nxd7 10. O-O e6 11. Qg3 Nf6 12. Re1 Rd8 13. Bf4 Nh5 14. Bc7
Qf5 15. Qe5 Qxe5 16. Rxe5 Rc8 17. Rxh5 Rxc7 18. Ne4 Be7 19. Rd1 O-O 20. Kf1 Rd8
21. Ke2 Rd5 22. Rh3 Rcd7 23. Rhd3 f5 24. Nc3 R5d6 25. Nb1 Bf6 26. c3 Kf7 27. Na3
b5 28. Nc2 a5 29. f4 g5 30. fxg5 Bxg5 31. Ne1 Bf6 32. Nf3 a4 33. g3 Rd5 34. Ke3
Bg7 35. b4 Kf6 36. Ke2 Kf7 37. Re3 Bf6 38. Red3 h5 39. Ke3 Rd8 40. Kf2 Rg8 41.
Ke2 Rg4 42. Re3 h4 43. gxh4 Ke7 44. h3 Rg3 45. Rf1 Rxh3 46. Rg1 Kd6 47. Rg6 Be7
48. Rgxe6+ Kc7 49. Rxe7+ Kb6 50. R7e6 f4 51. R3e5 Rd7 52. d5 Rg7 53. Rxc6+ Kb7
54. Rg5 Re7+ 55. Re6 Rc7 56. d6 Rxc3 57. d7 Rc2+ 58. Kd3 Rc1 59. Ke4 Rd1 60. Re7
Kc6 61. Rc5+ Kb6 62. Ne5 Re3+ 63. Kf5 f3 64. Rc6+ Kb7 65. d8=Q+ 1-0

[Event "Titled Tue 1st Jul Early"]
[Site "chess.com INT"]
[Date "2025.07.01"]
[Round "5"]
[White "Moroni, Luca Jr"]
[Black "Sarana, Alexey"]
[Result "1-0"]
[WhiteTitle "GM"]
[BlackTitle "GM"]
[WhiteElo "2549"]
[BlackElo "2686"]
[WhiteFideId "865834"]
[BlackFideId "24133795"]
[EventDate "2025.07.01"]

1. c4 e6 2. Nc3 d5 3. d4 c6 4. e4 dxe4 5. Nxe4 c5 6. Nf3 cxd4 7. Qxd4 Qxd4 8.
Nxd4 a6 9. Be2 e5 10. Nb3 Nc6 11. O-O f5 12. Nec5 Nf6 13. Na4 Be6 14. Be3 O-O-O
15. Rfd1 f4 16. Bb6 Rxd1+ 17. Rxd1 Nd7 18. Nbc5 Bxc5 19. Nxc5 Nd4 20. Nxe6 Nxe6
21. Rd6 Nxb6 22. Rxe6 Na4 23. b3 Nc3 24. Bg4 Kd8 25. Rd6+ Kc7 26. Rd7+ Kb6 27.
Rxg7 h5 28. Bf5 Rd8 29. Rd7 Rxd7 30. Bxd7 Nxa2 31. h4 Nc1 32. b4 Nd3 33. Be8
Nxb4 34. Bxh5 Nc6 35. Bd1 Ne7 36. g4 fxg3 37. fxg3 Kc5 38. g4 Kd6 39. g5 Ke6 40.
Bg4+ Kf7 41. h5 a5 42. Bd1 Nf5 43. Kf2 e4 44. h6 a4 45. Bxa4 Kg6 46. Be8+ Kh7
47. Bd7 Nd6 48. c5 Nf7 49. Bf5+ Kh8 50. g6 Nxh6 51. Bxe4 Kg7 52. Ke3 Kf6 53. Kd4
Ng4 54. Kd5 Nf2 55. Bc2 Ng4 56. Kd6 Ne5 57. Be4 1-0

[Event "Titled Tue 1st Jul Early"]
[Site "chess.com INT"]
[Date "2025.07.01"]
[Round "5"]
[White "Storn, Justin"]
[Black "Mafra, Kaiser Luiz"]
[Result "1-0"]
[BlackTitle "CM"]
[WhiteElo "2118"]
[BlackElo "2043"]
[WhiteFideId "30922720"]
[BlackFideId "2106698"]
[EventDate "2025.07.01"]

1. e4 c5 2. Nf3 d6 3. Bb5+ Bd7 4. c4 g6 5. O-O Bg7 6. Nc3 Nf6 7. d3 O-O 8. Bg5
h6 9. Bh4 a6 10. Bxd7 Qxd7 11. a4 Nc6 12. Bxf6 Bxf6 13. Nd5 Qd8 14. Nxf6+ exf6
15. Qd2 Kg7 16. d4 Qe7 17. Rfe1 Rfd8 18. Rad1 Nb4 19. Qc3 Rab8 20. h4 b5 21.
axb5 axb5 22. h5 bxc4 23. hxg6 fxg6 24. Qxc4 Rdc8 25. e5 cxd4 26. exf6+ Qxf6 27.
Qxd4 Qxd4 28. Nxd4 Nc2 29. Re7+ Kf8 30. Re6 Rxb2 31. Nf3 Nb4 32. Rxg6 Rcc2 33.
Rf1 Nd3 34. Rxd6 Nxf2 35. Nd4 Rd2 36. Ne6+ Ke7 37. Rxd2 Rxd2 38. Nf4 Ne4 39. Re1
Rd4 40. Ne2 Ra4 41. Ng3 Kf6 42. Rxe4 Ra1+ 43. Kh2 Kg5 44. Kh3 h5 45. Re5+ Kg6
46. Rxh5 Ra4 47. Rh4 Ra3 48. Rg4+ Kf6 49. Rb4 Ra2 50. Kh2 Ra3 51. Nf1 Ra8 52.
Ne3 Rh8+ 53. Kg3 Rg8+ 54. Ng4+ Kf5 55. Kf3 Ra8 56. Ne3+ Kg5 57. Rb5+ Kf6 58. g4
Rg8 59. Kf4 Ke7 60. g5 Kd6 61. Ng4 Rf8+ 62. Rf5 Rb8 63. g6 Rb4+ 64. Kg5 Ke6 65.
Rf6+ Ke7 66. g7 Rb8 67. Kg6 Rg8 68. Rf7+ Ke8 69. Nh6 1-0

[Event "Titled Tue 1st Jul Early"]
[Site "chess.com INT"]
[Date "2025.07.01"]
[Round "5"]
[White "Foldes, Marton Gabor"]
[Black "Jaiveer, Mahendru"]
[Result "0-1"]
[WhiteTitle "FM"]
[BlackTitle "FM"]
[WhiteElo "2295"]
[BlackElo "2217"]
[WhiteFideId "794708"]
[BlackFideId "25611151"]
[EventDate "2025.07.01"]

1. Nf3 e6 2. g3 d5 3. Bg2 Nf6 4. O-O Be7 5. d3 O-O 6. Nbd2 c5 7. e4 Nc6 8. Qe2
b5 9. c3 a5 10. Re1 b4 11. e5 Nd7 12. c4 Nb6 13. h4 f5 14. Nf1 Qd7 15. Bf4 Ba6
16. Ne3 Rad8 17. Rad1 Nd4 18. Qf1 dxc4 19. dxc4 Bb7 20. Nxd4 cxd4 21. Nc2 Bxg2
22. Kxg2 Qc6+ 23. Kg1 Qxc4 24. Qxc4 Nxc4 25. b3 Nb2 26. Rxd4 Bc5 27. Rxd8 Rxd8
28. Re2 Nd1 29. Rd2 Rxd2 30. Bxd2 Nxf2 31. Be3 Bxe3 32. Nxe3 Nd3 33. Nc4 Nc1 34.
Nxa5 Nxa2 35. Kf2 Nc3 36. Ke3 h6 37. Nc6 Nd5+ 38. Kd4 g5 39. hxg5 hxg5 40. Kc4
Kf7 41. Kc5 f4 42. gxf4 g4 43. Nd4 g3 44. Kd6 Nxf4 45. Nf3 Ne2 46. Kc5 g2 47.
Kxb4 g1=Q 48. Nxg1 Nxg1 49. Ka5 Nf3 50. b4 Nxe5 51. b5 Ke7 52. Kb6 Kd6 53. Ka7
Nd7 54. b6 e5 55. b7 e4 56. Ka8 e3 57. b8=Q+ Nxb8 58. Kb7 e2 59. Ka8 e1=Q 60.
Kb7 Nc6 61. Kc8 Qa5 62. Kb7 Qc7+ 63. Ka8 Qc8# 0-1

[Event "Titled Tue 1st Jul Early"]
[Site "chess.com INT"]
[Date "2025.07.01"]
[Round "5"]
[White "Waldhausen Gordon, Frederick"]
[Black "Tsyhanchuk, Stanislav"]
[Result "1-0"]
[WhiteTitle "FM"]
[BlackTitle "IM"]
[WhiteElo "2395"]
[BlackElo "2273"]
[WhiteFideId "2409143"]
[BlackFideId "13505130"]
[EventDate "2025.07.01"]

1. d4 Nf6 2. Nf3 g6 3. g3 Bg7 4. Bg2 O-O 5. O-O d6 6. c4 Nc6 7. Nc3 a6 8. b3 Rb8
9. a4 Nb4 10. Ba3 c5 11. Qd2 Bf5 12. Rac1 Qc8 13. Rfd1 Re8 14. Bxb4 cxb4 15. Nd5
Nxd5 16. cxd5 Qd7 17. Qxb4 Be4 18. Nh4 Bxg2 19. Nxg2 b5 20. Rc6 bxa4 21. Qxa4
Qb7 22. Rd3 Qb5 23. Rxa6 Qxd5 24. Nf4 Qe4 25. d5 Qe5 26. e3 Qb2 27. Qa2 Qc1+ 28.
Kg2 Rec8 29. Ne2 Qe1 30. Rc6 Ra8 31. Qc2 Rcb8 32. Rd1 Qb4 33. Nc1 h5 34. h4 Bf6
35. Rc4 Qb5 36. Rd3 Ra1 37. Ne2 Rba8 38. Rc8+ Rxc8 39. Qxc8+ Kg7 40. Qc2 Ra2 41.
Qxa2 Qxd3 42. Nf4 Qe4+ 43. Kh2 Qf3 44. Qe2 Qe4 45. Qd3 Qf3 46. Kg1 Be5 47. e4
Qg4 48. Ne2 f5 49. f4 Bf6 50. Kf2 fxe4 51. Qxe4 Qc8 52. b4 Qb7 53. Qc4 Qb6+ 54.
Kf3 Qb7 55. b5 Qb6 56. Qb4 Qb7 57. Qb3 Qb6 58. Qc4 Qb7 59. g4 hxg4+ 60. Kxg4 Qb8
61. Kg3 Qb7 62. Kf3 Qb6 63. Qc6 Qa5 64. b6 Qc3+ 65. Nxc3 Bxc3 66. Qxc3+ 1-0

[Event "Titled Tue 1st Jul Early"]
[Site "chess.com INT"]
[Date "2025.07.01"]
[Round "5"]
[White "Ribeiro, Gustavo"]
[Black "Aradhya, Garg"]
[Result "1/2-1/2"]
[WhiteTitle "FM"]
[BlackTitle "IM"]
[WhiteElo "2314"]
[BlackElo "2370"]
[WhiteFideId "1941852"]
[BlackFideId "25006746"]
[EventDate "2025.07.01"]

1. e4 c6 2. d4 d5 3. Nc3 dxe4 4. Nxe4 Nf6 5. Nxf6+ exf6 6. Bc4 Bd6 7. Qe2+ Qe7
8. Qxe7+ Kxe7 9. Ne2 Rd8 10. O-O Be6 11. Bd3 Kf8 12. Re1 h6 13. Bf4 Bxf4 14.
Nxf4 Rxd4 15. Nxe6+ fxe6 16. Rxe6 Nd7 17. Re3 Ne5 18. Bf1 Rad8 19. Rc1 g5 20. g3
g4 21. Kg2 Kg7 22. h3 h5 23. hxg4 hxg4 24. Be2 Kg6 25. b3 Rd2 26. a4 Kg5 27. a5
Rh8 28. b4 a6 29. c4 Rb2 30. b5 cxb5 31. cxb5 axb5 32. Rc5 Rd8 33. Re4 Rdd2 34.
Rxg4+ Kh6 35. Rh4+ Kg6 36. Bh5+ Kg5 37. Rf4 Kxh5 38. Rxf6 Kg5 39. Rf8 Re2 40.
Kf1 Kg6 41. Rxb5 Rxf2+ 42. Rxf2 Rxb5 43. Rd2 Rxa5 44. Rd6+ Kf5 45. Rb6 Ra7 46.
Kg2 Ke4 47. Kh3 Nc4 48. Rb4 Kd4 49. g4 Kc5 50. Rb1 b5 51. g5 b4 52. Kg4 Ne3+ 53.
Kf4 Nd5+ 54. Kf5 Ra6 55. Ke5 Nc3 56. Rg1 b3 57. g6 b2 58. g7 Ra8 59. Kf6 b1=Q
60. Rxb1 Nxb1 61. Kf7 Ra7+ 62. Kf8 Ra8+ 63. Kf7 Ra7+ 64. Kf8 Ra8+ 65. Kf7 1/2-1/2

[Event "Titled Tue 1st Jul Early"]
[Site "chess.com INT"]
[Date "2025.07.01"]
[Round "5"]
[White "Chylewski, Patryk"]
[Black "Szalay-Ocsak, Bank"]
[Result "1-0"]
[WhiteTitle "IM"]
[BlackTitle "FM"]
[WhiteElo "2319"]
[BlackElo "2209"]
[WhiteFideId "1186191"]
[BlackFideId "784923"]
[EventDate "2025.07.01"]

1. Nf3 Nf6 2. g3 d5 3. Bg2 g6 4. O-O Bg7 5. d4 O-O 6. c4 c6 7. a4 Bf5 8. Nc3 Ne4
9. Qb3 Nxc3 10. bxc3 Qb6 11. Qa2 Be4 12. Bg5 Bf6 13. Bxf6 exf6 14. Nd2 Bxg2 15.
Kxg2 Rd8 16. Rab1 Qc7 17. e4 dxe4 18. Nxe4 Kg7 19. Rfe1 Nd7 20. c5 Nf8 21. a5
Ne6 22. Nd6 b6 23. Nxf7 Qxf7 24. Qxe6 bxc5 25. Qxf7+ Kxf7 26. Rb7+ Kg8 27. dxc5
Rd5 28. Ree7 Rxc5 29. Rg7+ Kh8 30. Rxh7+ Kg8 31. Rhg7+ Kh8 32. Rxg6 Rxa5 33.
Rxf6 Rc5 34. Rh6+ Kg8 35. Rg6+ Kh8 36. Rgg7 a5 37. Ra7 Rd8 38. Rgc7 Rxc3 39.
Rxa5 Rc2 40. Rf5 Kg8 41. h4 Ra2 42. Rxc6 Rdd2 43. Rg6+ Kh7 44. Rg4 Rd6 45. Rh5+
Rh6 46. Rxh6+ Kxh6 47. Rc4 Ra5 48. Rc6+ Kg7 49. g4 Kh7 50. Kg3 Kg7 51. f3 Kh7
52. h5 Kg7 53. f4 Ra3+ 54. Kh4 Ra4 55. Kg5 Ra5+ 56. f5 Ra7 57. h6+ Kh7 58. Kh5
Ra1 59. Rc7+ Kg8 60. Kg6 Ra8 61. f6 Kh8 62. g5 Kg8 63. Re7 Kh8 64. Rh7+ Kg8 65.
f7+ Kf8 66. Rh8+ 1-0

[Event "Titled Tue 1st Jul Early"]
[Site "chess.com INT"]
[Date "2025.07.01"]
[Round "5"]
[White "Caku, Kler"]
[Black "Priansh, Das"]
[Result "1/2-1/2"]
[WhiteTitle "WFM"]
[BlackTitle "FM"]
[WhiteElo "2010"]
[BlackElo "2305"]
[WhiteFideId "4704703"]
[BlackFideId "45029946"]
[EventDate "2025.07.01"]

1. e4 e6 2. d4 d5 3. Nd2 c5 4. exd5 exd5 5. Ngf3 Nc6 6. dxc5 Bxc5 7. Bd3 Nge7 8.
O-O O-O 9. h3 Ng6 10. Nb3 Bd6 11. Nbd4 h6 12. c3 Qf6 13. Be3 Nf4 14. Bxf4 Qxf4
15. Qd2 Qf6 16. Bc2 Bd7 17. Qd3 g6 18. Rad1 Rad8 19. Rfe1 Rfe8 20. Rxe8+ Rxe8
21. Re1 Rxe1+ 22. Nxe1 Qf4 23. Nef3 Qc1+ 24. Qd1 Qxb2 25. Ne2 Qxa2 26. Bb3 Qb2
27. Qxd5 Be6 28. Qxd6 Qxb3 29. Nfd4 Nxd4 30. Nxd4 Qb1+ 31. Kh2 Qe4 32. Qd8+ Kg7
33. f3 Qe5+ 34. Kg1 b6 35. Qe7 a5 36. Qb7 a4 37. Qxb6 a3 38. Qa7 Qe1+ 39. Kh2
Qe5+ 40. Kg1 Qe3+ 41. Kh2 Qf4+ 42. Kg1 Qd6 43. Nxe6+ Qxe6 44. Qxa3 Qe1+ 45. Kh2
h5 46. Qb4 h4 47. Qd4+ Kh7 48. c4 Qg3+ 49. Kg1 Qe1+ 50. Kh2 Qg3+ 51. Kg1 f5 52.
Qf2 Qf4 53. c5 Qc1+ 54. Kh2 Kh6 55. Qxh4+ Kg7 56. Qd4+ Kh6 57. Qh4+ Kg7 58. Qd4+
Kh6 59. Kg3 Qe1+ 60. Kh2 Qc1 1/2-1/2